Colombia. no alineada? ; (Registro nro. 6761)

Detalles MARC
000 -LEADER
fixed length control field 01072nam a2200277Ia 4500
003 - CONTROL NUMBER IDENTIFIER
control field OSt
005 - DATE AND TIME OF LATEST TRANSACTION
control field 20200710141005.0
008 - FIXED-LENGTH DATA ELEMENTS--GENERAL INFORMATION
fixed length control field 130821s1995 ck gr spa
020 ## - INTERNATIONAL STANDARD BOOK NUMBER
International Standard Book Number 9583302996
040 ## - CATALOGING SOURCE
Original cataloging agency Co-BoUCM
Language of cataloging spa
Transcribing agency CO-JMCR
041 0# - LANGUAGE CODE
Language code of text/sound track or separate title spa
082 04 - DEWEY DECIMAL CLASSIFICATION NUMBER
Classification number 327.861 /
Edition number 23
Item number B748c
100 1# - MAIN ENTRY--PERSONAL NAME
Personal name Botero Miranda, Alfonso
Relator term autor
9 (RLIN) 4044
245 10 - TITLE STATEMENT
Title Colombia. no alineada? ;
Remainder of title de la confrontación a la cooperación La nueva tendencia en los No alineados /
Statement of responsibility, etc. Alfonso Botero Miranda
250 ## - EDITION STATEMENT
Edition statement 3a. edición
260 ## - PUBLICATION, DISTRIBUTION, ETC.
Place of publication, distribution, etc. Bogotá :
Name of publisher, distributor, etc. Tercer Mundo,
Date of publication, distribution, etc. 1995.
300 ## - PHYSICAL DESCRIPTION
Extent 168 páginas ;
Other physical details 21 cm.
500 ## - GENERAL NOTE
General note Datos biográficos del autor en tapa posterior.
504 ## - BIBLIOGRAPHY, ETC. NOTE
Bibliography, etc. note Incluye índice.
505 0# - FORMATTED CONTENTS NOTE
Formatted contents note Los no alineados: aproximación histórico -- Colombia y el no alineamiento -- Un debate en política exterior -- La política de no alineación
650 14 - SUBJECT ADDED ENTRY--TOPICAL TERM
Topical term or geographic name entry element Comercio
9 (RLIN) 11192
650 24 - SUBJECT ADDED ENTRY--TOPICAL TERM
Topical term or geographic name entry element Cooperación internacional
9 (RLIN) 11969
650 24 - SUBJECT ADDED ENTRY--TOPICAL TERM
Topical term or geographic name entry element Relaciones internacionales
9 (RLIN) 8042
650 24 - SUBJECT ADDED ENTRY--TOPICAL TERM
Topical term or geographic name entry element Relaciones internacionales
Geographic subdivision Colombia
9 (RLIN) 7025
942 ## - ADDED ENTRY ELEMENTS (KOHA)
Koha item type Books
Source of classification or shelving scheme Dewey Decimal Classification
Existencias
Withdrawn status Lost status Source of classification or shelving scheme Damaged status Not for loan Home library Current library Shelving location Date acquired Coded location qualifier Total Checkouts Full call number Barcode Date last seen Copy number Price effective from Koha item type
    Dewey Decimal Classification     Biblioteca Pública José María del Castillo y Rada Biblioteca Pública José María del Castillo y Rada General Stacks 04/15/2018 $0.   327.861 / B748c 430001611 05/16/2024 Ej.2 07/10/2020 Books